000 002810000a22000970004500
100 1 _aReis, Pamela Tamarkin
245 1 0 _aEating the blood : Saul and the witch of endor
300 _aNúm 73 (1997), Páginas 3-23
773 0 _tJournal for the Study of the Old Testament
942 _cANA
999 _c54859
_d54859